Opus quod judiciale inquisitorum dicitur ex diversis theologis et I. U. D. per Umbertum Locatum

Detalles Bibliográficos
Autor principal: Umbertus Locatus
Formato: Libro
Lenguaje:Undetermined
Latin
Publicado: Romae : apud haeredes Antonii Bladii, 1570.
Materias:
Colección:Banco de datos
Acervo:Biblioteca Palafoxiana. Colección bibliográfica
Descripción Física:[42], 511 p. ; 4°
Tema general:Inquisición
Notas:Marca de fuego: Colegio de San Juan. Número de localización: 10588
LEADER 00607nam a2200169Ia 4500
008 150723s9999 xx 000 0 und d
041 0 |a lat 
050 0 |a PAFX BX1710 U5 
100 1 |a Umbertus Locatus 
245 1 0 |a Opus quod judiciale inquisitorum dicitur ex diversis theologis et I. U. D. per Umbertum Locatum 
260 |a Romae : apud haeredes Antonii Bladii, 1570. 
300 |a [42], 511 p. ; 4° 
500 |a Marca de fuego: Colegio de San Juan. Número de localización: 10588 
650 1 0 |a Inquisición 
942 |c PALALIB 
943 |g Biblioteca Palafoxiana. Colección bibliográfica 
999 |c 1054854  |d 1054854